LEADER 03279nam 22006252 450 001 9910790365003321 005 20151002020706.0 010 $a0-88385-937-8 035 $a(CKB)2670000000205152 035 $a(EBL)3330402 035 $a(OCoLC)923220115 035 $a(SSID)ssj0000577600 035 $a(PQKBManifestationID)11378675 035 $a(PQKBTitleCode)TC0000577600 035 $a(PQKBWorkID)10577319 035 $a(PQKB)11377121 035 $a(UkCbUP)CR9780883859377 035 $a(MiAaPQ)EBC3330402 035 $a(Au-PeEL)EBL3330402 035 $a(CaPaEBR)ebr10729373 035 $a(OCoLC)929120246 035 $a(RPAM)15717103 035 $a(EXLCZ)992670000000205152 100 $a20111024d2009|||| uy| 0 101 0 $aeng 135 $aur||||||||||| 181 $ctxt$2rdacontent 182 $cc$2rdamedia 183 $acr$2rdacarrier 200 10$aElementary cryptanalysis $ea mathematical approach /$fAbraham Sinkov$b[electronic resource] 205 $aSecond edition. 210 1$aWashington :$cMathematical Association of America,$d2009. 215 $a1 online resource (xiv, 212 pages) $cdigital, PDF file(s) 225 1 $aAnneli Lax New Mathematical Library, $x2643-5586 ; $vv. 22 225 0$aAnneli Lax new mathematical library ;$vv. 22 300 $aTitle from publisher's bibliographic system (viewed on 02 Oct 2015). 311 $a0-88385-647-6 320 $aIncludes bibliographical references (p. 205-206) and index. 327 $a1. Monoalphabetic ciphers using additive alphabets -- 2. General monoalphabetic substitution -- 3. Polyalphabetic substitution -- 4. Polygraphic systems -- 5. Transposition -- 6. RSA encryption -- 7. Perfect security: one-time pads. 330 $aOriginally published in the New Mathematical Library almost half a century ago, this charming book explains how to solve cryptograms based on elementary mathematical principles, starting with the Caesar cipher and building up to progressively more sophisticated substitution methods. Todd Feil has updated the book for the technological age by adding two new chapters covering RSA public-key cryptography, one-time pads, and pseudo-random-number generators. Exercises are given throughout the text that will help the reader understand the concepts and practice the techniques presented. Software to ease the drudgery of making the necessary calculations is made available. The book assumes minimal mathematical prerequisites and therefore explains from scratch such concepts as summation notation, matrix multiplication, and modular arithmetic. Even the mathematically sophisticated reader, however, will find some of the exercises challenging. (Answers to the exercises appear in an appendix.) 410 0$aAnneli Lax New Mathematical Library 606 $aCryptography$xMathematics 606 $aCiphers$xMathematics 615 0$aCryptography$xMathematics. 615 0$aCiphers$xMathematics. 676 $a652.80151 700 $aSinkov$b Abraham$f1907-$0770286 702 $aFeil$b Todd$f1951- 712 02$aMathematical Association of America, 801 0$bUkCbUP 801 1$bUkCbUP 906 $aBOOK 912 $a9910790365003321 996 $aElementary cryptanalysis$91571195 997 $aUNINA LEADER 01945nam0 22004213i 450 001 MIL0031893 005 20251003044219.0 100 $a20080926d1984 ||||0itac50 ba 101 | $aita 102 $ait 181 1$6z01$ai $bxxxe 182 1$6z01$an 183 1$6z01$anc$2RDAcarrier 200 1 $aDemocrazia industriale$eantologia degli scritti$fSidney e Beatrice Webb$ga cura di Giuseppe Berta 210 $aRoma$cEdiesse$dstampa 1984 215 $a297 p.$d21 cm 225 | $aCollana di studi storici 410 0$1001RAV0072987$12001 $aCollana di studi storici 606 $aRELAZIONI INDUSTRIALI$xGRAN BRETAGNA$xSEC. 19.$2FIR$3MILC017005$9E 676 $a331.8$9SINDACATI, CONTRATTAZIONE E CONTROVERSIE COLLETTIVE$v23 676 $a331.88$9SINDACATI$v12 676 $a331.880941$9SINDACATI IN GRAN BRETAGNA$v20 700 1$aWebb$b, Sidney$3RAVV040787$4070$0571972 701 1$aWebb$b, Beatrice$3TO0V083598$4070$0304217 702 1$aBerta$b, Giuseppe$f <1952-2024>$3CFIV101411 790 1$aWebb$b, Sidney James$3TO0V401518$zWebb, Sidney 790 1$aPassfield$b, Sidney James$3UTOV565548$zWebb, Sidney 790 1$aWebb$b, Sydney$3UTOV565549$zWebb, Sidney 790 1$aWebb$b, Martha Beatrice$3SBNV062091$zWebb, Beatrice 790 1$aPotter$b, Beatrice$3TO0V039042$zWebb, Beatrice 801 3$aIT$bIT-000000$c20080926 850 $aIT-BN0095 $aIT-NA0120 901 $bNAP 01$cPOZZO LIB.$nVi sono collocati fondi di economia, periodici di ingegneria e scienze, periodici di economia e statistica e altri fondi comprendenti documenti di economia pervenuti in dono. 912 $aMIL0031893 950 0$aBiblioteca Centralizzata di Ateneo$c1 v.$d 01POZZO LIB.F. SANTI 473$e 0101 0060036375E VMA 1 v. (Precedente collocazione S 533)$fB $h20221114$i20221114 977 $a 01$a CR 996 $aDemocrazia industriale$91064130 997 $aUNISANNIO LEADER 07298oam 2201345 c 450 001 9910978236403321 005 20260302090207.0 010 $a9783839462218 010 $a3839462215 024 7 $a10.1515/9783839462218 035 $a(MiAaPQ)EBC7111899 035 $a(Au-PeEL)EBL7111899 035 $a(CKB)25158264600041 035 $a(DE-B1597)625578 035 $a(DE-B1597)9783839462218 035 $a(OCoLC)1348492237 035 $a(Perlego)3728533 035 $a(transcript Verlag)9783839462218 035 $a(EXLCZ)9925158264600041 100 $a20260302d2022 uy 0 101 0 $ager 135 $aurcnu|||||||| 181 $ctxt$2rdacontent 182 $cc$2rdamedia 183 $acr$2rdacarrier 200 10$aGute Arbeit Handarbeit?$eAltes Handwerk, DIY und Geschlechterverhältnisse in den Medien$fFranziska Schaaf 205 $a1st ed. 210 $aBielefeld$ctranscript Verlag$d2022 215 $a1 online resource (349 pages) 225 0 $aKulturen der Gesellschaft 311 08$aPrint version: Schaaf, Franziska Gute Arbeit Handarbeit? Bielefeld : transcript,c2022 9783837662214 327 $aCover -- Inhalt -- Siglen-Verzeichnis -- Tabellenverzeichnis -- 1. Einleitung: ?Handwerk(en)? als ?gute Arbeit?? -- 1.1. Fragestellungen und Ziel -- 1.2. Forschungsfeld und Forschungsstand -- 1.3. Aufbau der Studie -- Theoretische Perspektivierungen -- 2. ?Arbeit?/?Nicht-Arbeit? und Gender -- 2.1. Konzepte und Kriterien -- 2.2. Die Ko-Konstruktion von ?Arbeit?/?Nicht-Arbeit? und Gender -- Methodischer Zugang und Material -- 3. Interdiskurstheorie und Wissenssoziologische Diskursanalyse -- 3.1. Interdiskurse, Spezialdiskurse und Elementardiskurs -- 3.2. Grounded Theory und Deutungsmuster -- 3.3. Konvergenzen und Differenzen: Interdiskurstheorie und WDA -- 3.4. Analysekategorien und Vorgehen -- 3.5. Korpus -- Chronologische Analyse -- 4. ?Altes Handwerk(en)? in FAZ und FAS 1990-2020 -- 4.1. Der Überlebenskampf des ?alten Handwerks? in den 1990er-Jahren -- 4.2. Die Entdeckung der Leidenschaft: ?Altes Handwerk? und DIY in den 2000er-Jahren -- 4.3. ?Altes Handwerk(en)? als »Mode für jedermann«? 2010-2020 -- Analyse der Deutungsmuster -- 5. ?Handwerk(en)? als kulturelles Erbe -- 5.1. Bedrohungsszenarien und Verlustnarrative -- 5.2. Forderungen -- 5.3. Personifzierungen und bewahrende Subjekte -- 5.4. Retraditionalisierte Geschlechterrollen in der ?Arbeit? des ?guten alten Handwerk(en)s? -- 5.5. Genealogie: Handwerksforschung, Heritage Studies und der ?wissenschaftliche? Handwerksfilm -- 5.6. Zwischenfazit -- 6. ?Handwerk(en)? als kreative Selbstverwirklichung -- 6.1. Ambivalenzen kreativer Prozesse -- 6.2. Kreative Subjekte und ihre Affekte -- 6.3. ?Weibliche? Kreativität und ?männliche? Autonomie -- 6.4. Handarbeit aus Liebe? -- 6.5. Genealogie: ?Beruf? und ?Berufung? in ?Kunst? und ?Handwerk? -- 6.6. Zwischenfazit -- 7. ?Handwerk(en)? als Therapie -- 7.1. ?Ruhe?, ?Produktivität? und Transzendenz -- 7.2. Werdende Subjekte. 327 $a7.3. Therapeutisches ?Handwerk(en)? als Self-Care -- 7.4. Genealogie: ?Arbeit? als Therapie in psycho?medizinischen Spezialdiskursen -- 7.5. Zwischenfazit -- 8. Fazit und Ausblick -- Anhang -- Medienverzeichnis -- Print -- Online -- YouTube -- Fernsehen -- Film -- Literaturverzeichnis -- Dank. 330 $aHandarbeit und altes Handwerk sind aus den deutschen Medien nicht mehr wegzudenken. TV-Dokumentationen, Porträts in Lifestyle-Zeitschriften und Youtube-Tutorials über Personen, die ihre Arbeit oder ihr Hobby lieben, sind genreübergreifend erfolgreich. Wie ist diese Faszination für altes Handwerk(en) zu erklären? Welche Rolle spielt Gender dabei? Und was sagt es über unsere Arbeitsgesellschaft aus, dass handwerkliche Tätigkeit als legitim und angesehen gilt? Franziska Schaaf geht diesen und weiteren Fragen in ihrer Diskursanalyse systematisch nach und liefert erkenntnisreiche Einsichten über den Wandel des Wertes von Arbeit ? auch vor dem Hintergrund der aufstrebenden Plattformökonomie. 330 1 $a»Die umfangreiche Arbeit [bietet] einen detaillierten Einblick in dieses von großer Ambivalenz geprägte Themenfeld und macht jedenfalls Lust darauf, sich dieses vielfältigen Themas als Leser wie als Forscherin anzunehmen.« 330 1 $a»Die Studie demonstriert [...] das Potenzial einer softwaregestützten, feinmaschigen Diskursanalyse, um ein Phänomen wie die Popularität von Handwerks- und Handarbeitsdarstellungen in den Medien differenziert aufzufächern. Eine solche Untersuchung lag bisher weder für ältere noch für gegenwartsbezogene Auseinandersetzungen mit Handwerk und Handarbeiten vor.« 410 0$aKulturen der Gesellschaft 517 2 $aSchaaf, Gute Arbeit Handarbeit?$eAltes Handwerk, DIY und Geschlechterverhältnisse in den Medien 606 $aMedien 606 $aMedia 606 $aArbeit 606 $aWork 606 $aHandwerk 606 $aHandcraft 606 $aDIY 606 $aDiy 606 $aArbeitsdiskurs 606 $aGender 606 $aDiscourse Analysis 606 $aInternet 606 $aDiskursanalyse 606 $aPlatform Economy 606 $aPlattformökonomie 606 $aTelevision 606 $aNewspaper 606 $aFernsehen 606 $aZeitung 606 $aLeisure 606 $aHobby 606 $aCulture 606 $aFreizeit 606 $aSociology of Work and Industry 606 $aSociology of Media 606 $aKultur 606 $aArbeits- und Industriesoziologie 606 $aEconomic Sociology 606 $aMediensoziologie 606 $aQualitative Social Research 606 $aSociology 606 $aWirtschaftssoziologie 606 $aQualitative Sozialforschung 606 $aSoziologie 615 4$aMedien 615 4$aMedia 615 4$aArbeit 615 4$aWork 615 4$aHandwerk 615 4$aHandcraft 615 4$aDIY 615 4$aDiy 615 4$aArbeitsdiskurs 615 4$aGender 615 4$aDiscourse Analysis 615 4$aInternet 615 4$aDiskursanalyse 615 4$aPlatform Economy 615 4$aPlattformökonomie 615 4$aTelevision 615 4$aNewspaper 615 4$aFernsehen 615 4$aZeitung 615 4$aLeisure 615 4$aHobby 615 4$aCulture 615 4$aFreizeit 615 4$aSociology of Work and Industry 615 4$aSociology of Media 615 4$aKultur 615 4$aArbeits- und Industriesoziologie 615 4$aEconomic Sociology 615 4$aMediensoziologie 615 4$aQualitative Social Research 615 4$aSociology 615 4$aWirtschaftssoziologie 615 4$aQualitative Sozialforschung 615 4$aSoziologie 700 $aSchaaf$b Franziska$p
Franziska Schaaf, Goethe-Universität Frankfurt am Main, Deutschland
$4aut$01887589 712 02$aHans-Bo?ckler-Stiftung,$4fnd$4http://id.loc.gov/vocabulary/relators/fnd 801 0$bMiAaPQ 801 1$bMiAaPQ 801 2$bMiAaPQ 906 $aBOOK 912 $a9910978236403321 996 $aGute Arbeit Handarbeit$94524820 997 $aUNINA